Catàleg del Col·legi de Periodistes de Catalunya

La circulation des informations (Registre núm. 5004)

000 -CABECERA
Longitud fija campo de control 00539nam a2200193 a 4500
001 - NÚMERO DE CONTROL
Número de control 5004
003 - IDENTIFICADOR DEL NÚMERO DE CONTROL
Identificador del número de control CDMR
005 - FECHA Y HORA DE LA ÚLTIMA TRANSACCIÓN
Fecha y hora de la última transacción 20131210125401.0
008 - CÓDIGOS DE INFORMACIÓN DE LONGITUD FIJA
Códigos de información de longitud fija 130130s1953||||||||||||||||||||||||||||d
040 ## - FUENTE DE LA CATALOGACIÓN
Centro catalogador de origen CDMR
Lengua de catalogación cat
Centro transcriptor CDMR
245 #3 - MENCIÓN DE TÍTULO
Título La circulation des informations
260 ## - PUBLICACIÓN, DISTRIBUCIÓN, ETC. (PIE DE IMPRENTA)
Lugar de publicación, distribución, etc. Zurich
Fecha de publicación, distribución, etc. 1953
Nombre del editor, distribuidor, etc. Institut International de la Presse
300 ## - DESCRIPCIÓN FÍSICA
Extensión 292 p.
650 04 - PUNTO DE ACCESO ADICIONAL DE MATERIA - TÉRMINO DE MATERIA
9 (RLIN) 257
Término de materia o nombre geográfico como elemento inicial Premsa
Subdivisión geográfica Estats Units d'Amèrica
650 04 - PUNTO DE ACCESO ADICIONAL DE MATERIA - TÉRMINO DE MATERIA
9 (RLIN) 4093
Término de materia o nombre geográfico como elemento inicial Premsa
Subdivisión geográfica Europa
650 04 - PUNTO DE ACCESO ADICIONAL DE MATERIA - TÉRMINO DE MATERIA
9 (RLIN) 4258
Término de materia o nombre geográfico como elemento inicial Premsa
Subdivisión geográfica Índia
650 04 - PUNTO DE ACCESO ADICIONAL DE MATERIA - TÉRMINO DE MATERIA
9 (RLIN) 2190
Término de materia o nombre geográfico como elemento inicial Comunicació internacional
942 ## - ENTRADA DE ELEMENTOS AGREGADOS (KOHA)
Koha [por defecto] tipo de item Monografies
Fuente de clasificaión o esquema
Fons
Suprimido Perdido Estropeado No para préstamo Localización permanente Localización actual Fecha adquisición Préstamos totales Signatura completa Código de barras Fecha última consulta Fecha del precio de reemplazo Tipo de item de Koha
        Centre de Documentació Montserrat Roig Centre de Documentació Montserrat Roig 2013-01-16   Dt /4 CDMR13119336 2013-01-16 2013-01-16 Monografies

Implantat amb Koha